Cità pi grande del Veneto - Statistics

General Stats
  • This quiz has been taken 8 times
  • The average score is 9 of 20
Answer Stats
Popolacion Cità % Correct
261 362 Venecia
100%
252 520 Verona
100%
206 192 Padova
88%
81 014 Treviso
88%
111 500 Vicença
88%
35 591 Belun
75%
50 164 Rovigo
75%
49 735 Chioza
63%
42 984 Bassan
38%
32 894 Castelfranco
38%
28 656 Ceneda e Seravale
38%
34 428 Conegian
38%
40 646 San Donà
38%
38 552 Mira
25%
30 765 Montebeluna
25%
27 608 Mogian
13%
26 921 Albignasego
0%
39 131 Schio
0%
26 862 Spinea
0%
32 747 Vilafranca
0%
No matching quizzes found
Score Distribution
Percent of People with Each Score
Percentile by Number Answered
Your Score History
You have not taken this quiz